000
00250nam a2200097Ia 4500
001
729358
005
20250826163526.0
008
250824s9999 xx 000 0 und d
245
0
_a
VADİDEKİ ZAMBAK
_c
TOLGA SAĞLAM
260
_b
ANTİK DÜNYA KLASİKLERİ
999
_c
729358
_d
729358